| 000 | 00709nam a22001937a 4500 | ||
|---|---|---|---|
| 005 | 20170710094858.0 | ||
| 008 | 170710b xxu||||| |||| 00| 0 spa d | ||
| 040 |
_aCO-BoIAVH _cCO-BoIAVH |
||
| 041 | _aspa | ||
| 044 | _ack | ||
| 090 | _aFH- | ||
| 100 |
_aHavh _d2007 _982339 |
||
| 245 |
_aGuia Educativa para la conservación de las aves y su Hábitat _bÁrea de importancia para la conservacion de las aves- AICA "Reserva de aves Periquito Aliamarillo de Mamapacha |
||
| 260 |
_aBoyaca: _bHavh, _c2007. |
||
| 300 |
_afolleto _bFotos a color _c23 x 16 cm |
||
| 700 |
_aGuía Educativa para la Conservación de las Aves y su Habitat _d2007 _982340 |
||
| 710 |
_ainstituto humboldt _982341 |
||
| 942 |
_2z _cFolleto |
||
| 999 |
_c19695 _d19695 |
||